| 000 | 00488nam a2200193Ia 4500 | ||
|---|---|---|---|
| 008 | 151119s9999||||xx |||||||||||||| ||und|| | ||
| 082 | _a891.463 | ||
| 082 | _bGKKV11593 | ||
| 100 | _aगायकवाड बाबुराव | ||
| 245 | _aआग | ||
| 260 | _a-- | ||
| 260 | _b-- | ||
| 260 | _c0 | ||
| 600 | _aगायकवाड बाबुराव | ||
| 630 | _aआग | ||
| 700 | _aगायकवाड बाबुराव | ||
| 730 | _aआग | ||
| 942 | _cBOOK | ||
| 999 |
_c1065562 _d1065559 |
||